| 000 | 00782nam a2200253Ia 4500 | ||
|---|---|---|---|
| 008 | 191130s2004##################000#0#eng## | ||
| 020 | _a521837324 | ||
| 022 | _a2004040401 | ||
| 040 |
_aACL _cACL |
||
| 082 | _a302.4 CRO | ||
| 100 | _aCrosby, Alfred W | ||
| 245 |
_aEcological imperialism : the biological expansion of Europe, 900-1900 _cAlfred W. Crosby |
||
| 250 | _a2nd ed | ||
| 260 |
_aCambridge _bCambridge University Press _c2004 |
||
| 300 | _axxii, 368 p. : ill., maps ; 24 cm | ||
| 500 | _aIncludes bibliographical references (p. 312-360) and index | ||
| 650 | _aBiogeography | ||
| 650 | _aEuropeans - Migrations | ||
| 650 | _aHuman ecology | ||
| 650 | _aHuman geography | ||
| 990 | _ad82b8f4fac10000c647fd62c39e0aad0 | ||
| 991 | _a9788 | ||
| 999 |
_c257826 _d257826 |
||